Detekcia spamerov na sociálnych sieťach

Uložené v:
Podrobná bibliografia
Hlavný autor: Pinkeová, Bettina (Autor)
Ďalší autori: Malkin Ondik, Irina (Vedúci práce)
Médium: Rukopis Kniha
Jazyk:Slovak
Vydavateľské údaje: 2020
Predmet:
On-line prístup:http://is.stuba.sk/zp/portal_zp.pl?podrobnosti=122984
Tagy: Pridať tag
Žiadne tagy, Buďte prvý, kto otaguje tento záznam!

MARC

LEADER 00000ntm a22000003a 4500
001 stuzp80610
003 SK-STU
005 20200620211951.9
007 ta
008 150427s2015----xo-----f-mn---000-0-slo-d
040 |a STU  |b slo 
041 0 |a slo 
100 1 |a Pinkeová, Bettina  |u 070200  |4 aut  |U FIIT Fakulta informatiky a informačných technológií  |T FIIT Ústav informatiky, informačných systémov a softvérového inžinierstva  |X 79707  |U I200  |Y 179  |7 79707 
242 0 1 |a Spammer detection on social networks  |y eng 
245 1 0 |a Detekcia spamerov na sociálnych sieťach 
260 |c 2020 
650 4 |a Spam  |2 slo 
650 4 |a Strojové učenie  |2 slo 
650 4 |a Detekcia spammerov  |2 slo 
650 4 |a Machine learning  |2 eng 
650 4 |a Spammer detection  |2 eng 
650 4 |a Spam  |2 eng 
700 1 |a Malkin Ondik, Irina  |u 070200  |k Z1  |4 ths  |U FIIT Fakulta informatiky a informačných technológií  |T FIIT Ústav informatiky, informačných systémov a softvérového inžinierstva  |X 77701  |U I200  |Y 179  |7 77701 
856 4 |u http://is.stuba.sk/zp/portal_zp.pl?podrobnosti=122984